The new penguin dictionary of electronics

Gardado en:
Detalles Bibliográficos
Autor Principal: Young, E. C.
Formato: Libro
Idioma:Undetermined
Publicado: London Allen Lane 1979
Những chủ đề:
Các nhãn: Engadir etiqueta
Sen Etiquetas, Sexa o primeiro en etiquetar este rexistro!
Thư viện lưu trữ: Trung tâm Học liệu Trường Đại học Cần Thơ
LEADER 00508nam a2200193Ia 4500
001 CTU_104529
008 210402s9999 xx 000 0 und d
020 |c 3.00 
082 |a 621.38103 
082 |b Y68 
100 |a Young, E. C. 
245 4 |a The new penguin dictionary of electronics 
245 0 |c E. C. Young 
260 |a London 
260 |b Allen Lane 
260 |c 1979 
650 |a Electronics,Điện tử 
904 |i Hiếu 
980 |a Trung tâm Học liệu Trường Đại học Cần Thơ